Central Library OPAC University of Rajshahi

A textbook of geology / (Record no. 73805)

MARC details
000 -LEADER
fixed length control field 00642nam a2200241 a 4500
001 - CONTROL NUMBER
control field 73805
003 - CONTROL NUMBER IDENTIFIER
rucl marc code BD-RjUL
005 - DATE AND TIME OF LATEST TRANSACTION
control field 20211209082441.0
008 - FIXED-LENGTH DATA ELEMENTS--GENERAL INFORMATION
fixed length control field 170612s1982 ii a b 001 0 eng
035 ## - SYSTEM CONTROL NUMBER
System control number (BD-RjUL)74023
040 ## - CATALOGING SOURCE
Original cataloging agency DLC/ICU
Transcribing agency ICU
Modifying agency DLC
-- BD-RjUL
Language of cataloging eng
041 ## - LANGUAGE CODE
Language code of text/sound track or separate title eng
082 ## - DEWEY DECIMAL CLASSIFICATION NUMBER
Edition number 23
Classification number 551
Author mark and year MUT 1982
100 1# - MAIN ENTRY--PERSONAL NAME
Personal name Mukerjee, Pratip Kumar.
9 (RLIN) 162141
245 12 - TITLE STATEMENT
Title A textbook of geology /
Statement of responsibility, etc. Pratip kumar Mukerjee
250 ## - EDITION STATEMENT
Edition statement 9th rev. ed.
260 ## - PUBLICATION, DISTRIBUTION, ETC. (IMPRINT)
Place of publication, distribution, etc. Calcutta :
Name of publisher, distributor, etc. World Press,
Date of publication, distribution, etc. 1982
300 ## - PHYSICAL DESCRIPTION
Pagination 546 p. :
Illustrations ill. :
Size 22 cm.
500 ## - GENERAL NOTE
General note Includes index
504 ## - BIBLIOGRAPHY, ETC. NOTE
Bibliography, etc
650 #0 - SUBJECT ADDED ENTRY--TOPICAL TERM
Topical term or geographic name as entry element Geology.
9 (RLIN) 162142
942 ## - ADDED ENTRY ELEMENTS (KOHA)
Source of classification or shelving scheme Dewey Decimal Classification
Koha item type Books
Holdings
Lost status Source of classification or shelving scheme Damaged status Not for loan Collection code Permanent Location Current Location Shelving location Date acquired Source of acquisition Cost, normal purchase price Total Checkouts Full call number Date last seen Copy number Koha item type
  Dewey Decimal Classification   Not For Loan Non-fiction Central Library, University of Rajshahi Central Library, University of Rajshahi Reading Room 05/07/1983 Aligorh library, Rajshahi 120.00   551 MUT 1982 12/06/2017 C-1 Books
  Dewey Decimal Classification     Non-fiction Central Library, University of Rajshahi Central Library, University of Rajshahi   05/07/1983 Aligarh Libraty Rajshahi 120.00   551 MUT 1982 13/12/2018 C-2 Books